El entorno cambiante de la información / (Registro nro. 6680)

Detalles MARC
000 -CABECERA
Campo de control interno 01733nam a2200253Ia 4500
008 - ELEMENTOS DE LONGITUD FIJA - INFORMACIÓN GENERAL
Campo de control de longitud fija 260220t1981||||xx |||||||||||||| ||spa||
020 ## - ISBN
ISBN 8430908633
040 ## - FUENTE DE CATALOGACIÓN
Agencia de catalogación original PY-SlUNAC
Idioma de catalogación spa
Convenciones de descripción rda
041 ## - CÓDIGO DE IDIOMA
Código de idioma para texto/pista de sonido o título separado spa
082 ## - NÚMERO DE CLASIFICACIÓN DECIMAL DEWEY
Clasificación Decimal Dewey (CDD) 004
Clasificación Expansiva de Cutter (EC) M478e
100 ## - ASIENTO PRINCIPAL - NOMBRE PERSONAL
Nombre personal McHale, John
Rol del autor Autor
245 #0 - TÍTULO
Título El entorno cambiante de la información /
Mención de responsabilidad por John McHale [Autor]
264 ## - PIE DE IMPRENTA
Lugar Madrid :
Editorial Tecnos,
Año ℗1981.
300 ## - DESCRIPCIÓN FÍSICA
Páginas 145 páginas
520 ## - NOTA DE RESUMEN
Nota de resumen En "El entorno cambiante de la información", John McHale analiza cómo la transformación tecnológica y social influye en la gestión y difusión de la información. Publicado en 1981, el autor examina las interacciones entre las innovaciones en los medios de comunicación y su impacto en la cultura y la sociedad. McHale argumenta que la proliferación de fuentes de información, impulsada por avances en la tecnología, ha generado tanto oportunidades como desafíos para la comunicación efectiva. El libro destaca la importancia de adaptar las estrategias de información a un entorno en constante evolución, donde la calidad y la accesibilidad de los datos son fundamentales. A través de un enfoque interdisciplinario, McHale también aborda las implicaciones éticas y sociales de la información en la era moderna, subrayando la necesidad de una ciudadanía informada y crítica. En conjunto, su obra ofrece una visión profunda sobre cómo la información y su gestión se están redefiniendo en un mundo dinámico y globalizado.
653 ## - MATERIA - TÉRMINO TEMÁTICO NO CONTROLADO (PALABRAS CLAVE)
Materia - término temático no controlado (palabras clave) Cambio social
653 ## - MATERIA - TÉRMINO TEMÁTICO NO CONTROLADO (PALABRAS CLAVE)
Materia - término temático no controlado (palabras clave) Entorno
653 ## - MATERIA - TÉRMINO TEMÁTICO NO CONTROLADO (PALABRAS CLAVE)
Materia - término temático no controlado (palabras clave) Información
942 ## - ELEMENTOS PERSONALIZADOS (KOHA)
Fecha catalogación 2026/02/17
Tipo de documento Libros
Existencias
Fuente de Clasificacion Colección Ubicacion permanente Biblioteca actual Fecha de Ingreso a la Biblioteca Origen de adquisición Código de ubicación Código de barras Tipo de Item KOHA Nota pública
Dewey Decimal Classification Colección General (CG) Biblioteca e Internet, Facultad de Ciencias Exactas y Naturales Biblioteca e Internet, Facultad de Ciencias Exactas y Naturales 02/20/2026 Donación 004 M478e CG40 Libros Material disponible en la Biblioteca e Intenet, Campus UNA, San Lorenzo.